000
00232nam a22001097a 4500
999
_c
67137
_d
67134
082
_a
SON
100
_a
M.I.Soni
245
_a
A Course In Electrical Power
260
_a
Delhi
_b
Danpat Rai & Sons
_c
1979
300
_a
272p
942
_c
BK